ANXIETY DISORDERS AND GENDER (Record no. 14862)

MARC details
000 -LEADER
fixed length control field 00264nam a22001217a 4500
003 - CONTROL NUMBER IDENTIFIER
control field SGT
082 ## - DEWEY DECIMAL CLASSIFICATION NUMBER
Classification number 616.89
Item number A15S
100 ## - MAIN ENTRY--PERSONAL NAME
Personal name SLEIN, DAN J.
245 ## - TITLE STATEMENT
Title ANXIETY DISORDERS AND GENDER
260 ## - PUBLICATION, DISTRIBUTION, ETC. (IMPRINT)
Place of publication, distribution, etc NEW YORK
Name of publisher, distributor, etc SPRINGER
Year of Publication 2015
300 ## - PAGE DESCRIPTION
No. of Pages 168
942 ## - ADDED ENTRY ELEMENTS (KOHA)
Source of classification or shelving scheme Dewey Decimal Classification
Koha item type Books
Holdings
Withdrawn status Lost status Source of classification or shelving scheme Damaged status Not for loan Collection code Home library Current library Shelving location Date acquired Vendor Name SGTU Total Checkouts Full call number Accession No. (Barcode) Date last seen Date last borrowed Bill Date Koha item type
    Dewey Decimal Classification     MEDICAL SGT Medical Library SGT Medical Library Reference Book 30/01/2018 ABC SGTU 1 616.89 A15S FM9728 01/10/2025 18/09/2025 30/01/2018 Books